00712nac a22002051u 4500010001600000020002200016082001900038090001500057100003400072245006700106260003900173300001200212500001500224500004000239650004300279650003600322942002100358999001500379952011200394 a 94079792 a0963287354 (pbk.) a617.0076bG271 c3411d3411 aGeelhoed, Glenn W. 10aSurgery :breview for New National Boards /cGlenn W. Gedhoed. aAlexandria, VA :bJ&S Pub.,c1995. ap.ccm. aDonations. aDonations - Biblioteca Alexandrina. aSurgery--Examinations, questions, etc. aSurgery--Examination questions. cBBk617.0076G271 c3411d3411 00102ddc4070aMAINbMAINc1STd2010-04-07ePurchasel0o617.0076 GEEp000039475r2025-07-15 00:00:00yBB